000
00320nam a2200121Ia 4500
008
180117s9999 xx 000 0 und d
100
_a
by Terence Repelente
245
_a
Yes, Children Can get Diabetes too
260
_c
2017
300
_a
6-8 pages, 2017 July 23
440
_a
Philippine Panorama
650
_a
DIABETES
999
_c
353364
_d
353364